Déterminants parentaux de la connaissance du paludisme , de la persuasion et des pratiques de la coartémothérapie et efficacité du COARTEM chez les enfants fébriles au Bénin : Cas des parents d'enfants de moins de cinq ans de l'arrondissement d'Adoukandji à Lalo (Bénin) (Record no. 48180)
[ view plain ]
| 000 -LEADER | |
|---|---|
| fixed length control field | 00830nam a22002057a 4500 |
| 003 - CONTROL NUMBER IDENTIFIER | |
| control field | 0 |
| 005 - DATE AND TIME OF LATEST TRANSACTION | |
| control field | 20160609170033.0 |
| 008 - FIXED-LENGTH DATA ELEMENTS--GENERAL INFORMATION | |
| fixed length control field | 101112t xxu||||| |||| 00| 0 eng d |
| 040 ## - SOURCE DU CATALOGAGE | |
| Original cataloging agency | BUAC |
| Language of cataloging | fr |
| Transcribing agency | BEPAC |
| 100 ## - VEDETTE PRINCIPALE - NOM DE PERSONNE | |
| Personal name | Assani , Ganiou |
| 9 (RLIN) | 10846 |
| 245 ## - TITLE STATEMENT | |
| Title | Déterminants parentaux de la connaissance du paludisme , de la persuasion et des pratiques de la coartémothérapie et efficacité du COARTEM chez les enfants fébriles au Bénin : Cas des parents d'enfants de moins de cinq ans de l'arrondissement d'Adoukandji à Lalo (Bénin) |
| 260 ## - PUBLICATION, DISTRIBUTION, ETC. (IMPRINT) | |
| Place of publication, distribution, etc | UAC-EPAC |
| Name of publisher, distributor, etc | UAC-EPAC |
| Date of publication, distribution, etc | 2006-2007 |
| 300 ## - PHYSICAL DESCRIPTION | |
| Extent | 88p. |
| 650 ## - SUBJECT ADDED ENTRY--TOPICAL TERM | |
| Topical term or geographic name as entry element | PALUDISME |
| Topical term following geographic name as entry element | COARTEMOTHERAPIE |
| 9 (RLIN) | 10847 |
| 650 ## - SUBJECT ADDED ENTRY--TOPICAL TERM | |
| Topical term or geographic name as entry element | DETERMINANTS PARENTAUX |
| Topical term following geographic name as entry element | BENIN |
| 9 (RLIN) | 10848 |
| 650 ## - SUBJECT ADDED ENTRY--TOPICAL TERM | |
| Topical term or geographic name as entry element | COARTEM |
| Topical term following geographic name as entry element | ENFANT FEBRILE |
| 9 (RLIN) | 10849 |
| 650 ## - SUBJECT ADDED ENTRY--TOPICAL TERM | |
| Topical term or geographic name as entry element | PALUDISME |
| 9 (RLIN) | 10850 |
| 700 ## - ADDED ENTRY--PERSONAL NAME | |
| Personal name | Godonou , Steve |
| 9 (RLIN) | 10851 |
| 942 ## - ADDED ENTRY ELEMENTS (KOHA) | |
| Koha item type | Thèse et Memoire |
| Withdrawn status | Lost status | Damaged status | Not for loan | Location (home branch) | Sublocation or collection (holding branch) | Date acquired | Source of acquisition | Koha issues (times borrowed) | Koha full call number | Piece designation (barcode) | Koha date last seen | Copy number | Price effective from | Koha item type |
|---|---|---|---|---|---|---|---|---|---|---|---|---|---|---|
| Bibliothèque Ecole Polytechnique d'Abomey-Calavi | Bibliothèque Ecole Polytechnique d'Abomey-Calavi | 12/11/2010 | Dépot légal | 26/ABM/ASS | M16092EPAC | 12/11/2010 | 1 | 12/11/2010 | Thèse et Memoire | |||||
| Bibliothèque Ecole Polytechnique d'Abomey-Calavi | Bibliothèque Ecole Polytechnique d'Abomey-Calavi | 12/11/2010 | Dépot légal | 26/ABM/ASS | M16093EPAC | 12/11/2010 | 2 | 12/11/2010 | Thèse et Memoire | |||||
| Bibliothèque Ecole Polytechnique d'Abomey-Calavi | Bibliothèque Ecole Polytechnique d'Abomey-Calavi | 12/11/2010 | Dépot légal | 26/ABM/ASS | M16094EPAC | 12/11/2010 | 3 | 12/11/2010 | Thèse et Memoire |